Saber construir: habitabilidad, durabilidad, economía de los edificios
Saved in:
| Main Authors: | , , , , , , , |
|---|---|
| Format: | Bog |
| Sprog: | spansk |
| Udgivet: |
Barcelona
Técnicos Asociados
1967
|
| Fag: | |
| Tags: |
Tilføj Tag
Ingen Tags, Vær først til at tagge denne postø!
|
MARC
| LEADER | 00000nam a2200000 a 4500 | ||
|---|---|---|---|
| 001 | UCU7021 | ||
| 003 | CL-VaPUC | ||
| 008 | 960628e19670000SP |||||||||||||||||spa|d | ||
| 082 | 0 | 4 | |a 690.02 |b BLA |2 21 |
| 100 | |a Blachere, Gerard |e author |9 365486 | ||
| 700 | 0 | |a Berthier, J |e author |9 365487 | |
| 700 | 0 | |a Chabrel, L |e author |9 365488 | |
| 700 | 0 | |a Croiset, M |e author |9 365489 | |
| 700 | 0 | |a Démarre, G |e author |9 365490 | |
| 700 | 0 | |a Fahri, L |e author |9 365491 | |
| 700 | 0 | |a Fallard, P |e author |9 365492 | |
| 700 | 0 | |a Uzac, R |e author |9 365493 | |
| 245 | 1 | 0 | |a Saber construir: habitabilidad, durabilidad, economía de los edificios |
| 300 | |a 307 p | ||
| 942 | |c BK | ||
| 945 | |d 19960628 00:00:00 |a cmena | ||
| 260 | |a Barcelona |b Técnicos Asociados |c 1967 | ||
| 650 | 0 | |a Construcción |9 260195 | |
| 650 | 0 | |a Edificios |9 260501 | |
| 650 | 7 | |a HABITABILIDAD |2 CL-VaPUC |9 361137 | |
| 650 | 0 | |a Tecnología ambiental |9 340312 | |
| 650 | 0 | |a Calidad de vida |9 322944 | |
| 650 | 0 | |a Vivienda |9 258662 | |
| 650 | 0 | |a Propiedades mecánicas |9 262507 | |
| 650 | 0 | |a Elementos estructurales |9 350100 | |
| 650 | 0 | |a Materiales de construcción |9 260197 | |
| 650 | 0 | |a Aspectos sociales |9 254894 | |
| 650 | 0 | |a Aspectos económicos |9 255165 | |
| 650 | 7 | |a CORROSION |2 CL-VaPUC |9 271912 | |
| 650 | 7 | |a ESFUERZO MECANICA |2 CL-VaPUC |9 361207 | |
| 583 | |a last modification |c 19960628 00:00:00 |k Rodrigo Vera | ||
| 999 | |c 249737 |d 249735 | ||
| 952 | |0 0 |1 0 |4 0 |6 690_020000000000000_BLA_1967 |7 0 |8 A |9 267225 |a BIBING |b BIBING |d 2019-11-19 |i 1696858 |o 690.02 BLA 1967 |p 1696858 |r 2023-03-02 |w 2019-11-19 |y BK |k CCL | ||